00467 2200181 4500001002100000005001500021008004100036020001800077035001900095041000700114082001100121090001700132100002100149245005100170260002400221300002700245650001300272INLIS00000000000423420241224112855241224||||||||| | ||| |||| || |  a979-730-487-6 0010-1224004234 aid0 a922.97 a922.97 YUL s0 aYuliadi Soekardi00aSunan Gunung Jati (Sayyid Syarif Hidayatullah) bPustaka Setiac2004 a124 hlm.; ilus.: 26 cm 0aBiografi